000
00240nam a2200097Ia 4500
008
230907s9999||||xx |||||||||||||| ||und||
082
_a
621.45
_b
SCH
245
0
_a
Introduction to wind turbine aerodynamics /
300
_a
265 p.
942
_c
BK
999
_c
598658
_d
598658